| 000 | 00622nam a2200229 a 4500 | ||
|---|---|---|---|
| 005 | 20210219152907.0 | ||
| 008 | 991125n 000 0 eng u | ||
| 035 | _aUPN01000065958 | ||
| 100 | _aBallinger, Debra A. | ||
| 222 | _aPHYSICAL EDUCATOR | ||
| 245 | _aBecoming an effective physical educator | ||
| 300 | _a13-19 | ||
| 362 | _a1993 50, No.1 | ||
| 505 | _aSeptiembre 1993 | ||
| 653 | 0 | _aAUTOEVALUACION (INDIVIDUALES) | |
| 653 | 0 | _aEDUCACION FISICA | |
| 653 | 0 | _aEFICACIA DEL MAESTRO | |
| 653 | 0 | _aRELACION MAESTRO-ESTUDIANTE | |
| 653 | 0 | _aROL DEL MAESTRO | |
| 904 |
_aAC _b003769 |
||
| 905 | _aArticulo | ||
| 999 |
_c63215 _d63215 |
||